| 000 | 00647nam a22002297a 4500 | ||
|---|---|---|---|
| 003 | UA-OsUOA | ||
| 001 | 32454 | ||
| 007 | ta | ||
| 008 | 20050202b un ||||| |||| 00| 0 ukr d | ||
| 090 |
_a338 _bП-68 |
||
| 942 | _cBK | ||
| 040 |
_aUA-OsUOA _brus _cUA-OsUOA _dUA-OsUOA |
||
| 245 |
_a"Правда" против "вала": Актуальные проблемы радикальной экономической реформы _cСост. В. И.Гончаров |
||
| 300 | _a400 с. | ||
| 955 | _a0 | ||
| 041 | _arus | ||
| 080 | _a338 | ||
| 260 |
_aМосква _bПравда _c1989 |
||
| 044 | _aRU | ||
| 650 | 7 | _2UDC | |
| 999 |
_c318898 _d318898 |
||